00631 2200229 4500001002100000005001700021008004100038020001800079035002400097090001800121245007200139250001100211260002900222300001900251650003300270700002200303700001800325850001600343980001400359985000600373999002200379YOGYA-0209000006858820090227092310.0 ind  a979-168-018-3 0010-020900000068588 a813bRoblDEP aROBIN Hoodcpenyunting, Floriberta Aning ; penerjemah, Sekar Palupi aCet. 1 aYogyakartabNarasic2007 a120 hlmc18 cm aFiksi Indonesia - Terjemahan aAning, Floriberta aPalupi, Sekar aYOPDYOG (M) a19-2-2008 a1 aCB-D.11 2007-752h